| 000 | 00393nam a22001817a 4500 | ||
|---|---|---|---|
| 003 | NUST - PNEC | ||
| 005 | 20170116181148.0 | ||
| 008 | 151014b xxu||||| |||| 00| 0 eng d | ||
| 020 | _a- | ||
| 040 | _cLIBRARY | ||
| 082 | _a621.4021 MER | ||
| 100 |
_915203 _aMeriam J.L |
||
| 245 |
_aSupplementary notes _cMeriam J.L |
||
| 250 | _a- | ||
| 260 | _c- | ||
| 650 | _xME | ||
| 942 |
_2ddc _cBK |
||
| 999 |
_c70817 _d70817 |
||